000 01222nam a22002777a 4500
005 20240530110342.0
008 141119s2008 ua fr 000 0 ara d
017 _a13386/2008
_bمصر . دار الكتب المصرية
020 _a977437777x
040 _aEG-CaGPL
041 _aara
082 0 4 _221
_a962.031
_bق/د م
245 0 0 _aمحمد على ونابليون :
_b1807-1814 :مراسلات قناصل فرنسا فى مصر /
_cجمعها ونشرها ادوارد دريو ؛ترجمة ناصر احمد ابراهيم ؛ مراجعة وتقديم رءوف عباس حامد
250 _aط 1
260 _aالقاهرة :
_bالمركز القومى للترجمة ،
_c2008
300 _a472 ص ؛
_c24 سم
650 0 4 _aالمراسلات الدولية
650 0 4 _aحجر رشيد
651 0 4 _aمصر
_xتاريخ
_xالحملة الفرنسية
651 0 4 _aمصر
_xتاريخ
_yالعصر الحديث
_yعصر محمد على
700 1 0 _aدريو، ادوارد
_eجمعها ونشرها
700 0 0 _aناصر احمد ابراهيم
_eمترجم
700 0 0 _aرءوف عباس حامد
_eمراجع ومقدم
942 _2ddc
_cBK
999 _c59902
_d59902